| 000 | 00934cam a22002653a 4500 | ||
|---|---|---|---|
| 001 | 9824 | ||
| 003 | PGUSA | ||
| 005 | 20140828083216.0 | ||
| 008 | 060201s2006||||xxu|||||s|||||000 | eng d | ||
| 040 |
_aPGUSA _beng |
||
| 042 | _adc | ||
| 050 | 4 | _aQE | |
| 100 | 1 |
_aDarwin, Charles, _d1809-1882 |
|
| 245 | 1 | 0 |
_aObservations Géologiques sur les Îles Volcaniques Explorées par l'Expédition du "Beagle" : _bEt Notes sur la Géologie de l'Australie et du Cap de Bonne-Espérance _h[electronic resource] / _cCharles Darwin |
| 260 |
_bProject Gutenberg, _c2006 |
||
| 506 | _aPublic domain in the USA. | ||
| 516 | _aElectronic text | ||
| 653 | _aVolcanoes -- Southern Hemisphere | ||
| 653 | _aBeagle Expedition (1831-1836) | ||
| 653 | _aGeology -- South America | ||
| 700 | 1 |
_aRenard, A.-F. _q(Alphonse-François), _d1842-1903 |
|
| 830 | 0 |
_aProject Gutenberg _v9824 |
|
| 856 | 4 | 0 | _uhttp://www.gutenberg.org/ebooks/9824 |
| 942 | _cEB | ||
| 999 |
_c239080 _d239080 |
||